skbl

Dr Suryya Kumar Bhuyan Library Web-OPAC
ডঃ সূৰ্য্য
কুমাৰ ভূঞা পুথিভঁৰাল ৱেব-অ'পেক

All Research Scholars are advised to clear the annual library fees to continue using Library Resources, Remote Access, Plagiarism Test and Library Clearance.

Cotton University Book Fair 2026

Functional Analysis (Record no. 55048)

MARC details
000 -LEADER
fixed length control field 00513nam a2200193Ia 4500
001 - CONTROL NUMBER
control field 55111
008 - FIXED-LENGTH DATA ELEMENTS--GENERAL INFORMATION
fixed length control field 080101n ii |||gr||||Z||||||465
020 ## - INTERNATIONAL STANDARD BOOK NUMBER
International Standard Book Number 978-93-50006-619-
082 ## - DEWEY DECIMAL CLASSIFICATION NUMBER
Classification number 512.84
245 #0 - TITLE STATEMENT
Title Functional Analysis
Statement of responsibility, etc. S L Sukla & N Sarma
Medium Textual Documents
250 ## - EDITION STATEMENT
Edition statement Ninth Edn-2012.
260 ## - PUBLICATION, DISTRIBUTION, ETC.
Place of publication, distribution, etc. Meerut
Name of publisher, distributor, etc. Pragati Prakasan
300 ## - PHYSICAL DESCRIPTION
Extent 251pg:
Dimensions 30cm.
653 ## - INDEX TERM--UNCONTROLLED
Uncontrolled term Mathematics
653 ## - INDEX TERM--UNCONTROLLED
Uncontrolled term Functional Analysis
653 ## - INDEX TERM--UNCONTROLLED
Uncontrolled term Deptt-Math
700 ## - ADDED ENTRY--PERSONAL NAME
Personal name Sukla,S L & Sarma,N .
942 ## - ADDED ENTRY ELEMENTS (KOHA)
Source of classification or shelving scheme Dewey Decimal Classification
Koha item type Books
Holdings
Withdrawn status Lost status Damaged status Not for loan Collection Home library Current library Shelving location Date acquired Coded location qualifier Cost, normal purchase price Total checkouts Full call number Barcode Date last seen Copy number Price effective from Koha item type
          Dr. Suryya Kumar Bhuyan Library Dr. Suryya Kumar Bhuyan Library   01/01/2008 00000 145.00   512.84 Sh 92 Fu 1926/Math 14/01/2024 1 01/01/2008 Books

Designed and Maintained by Team SKBL
©1901-2026

Powered by Koha